000 00607nam a2200193 i 4500
001 49772
003 ES-MaACL
005 20230906162048.0
007 t|
008 030723s1967 sp ||||1| spa d
100 1 _aCousinet, Roger.
_941308
245 1 3 _aLa formación del educador /
_cRoger Cousinet ; [traducción por Concepción Sainz-Amor ; revisión por H. Pardellans].
250 _a[1ª ed.].
260 _aBarcelona :
_bMiracle,
_c[1967]
300 _a156 p. ;
_c19 cm.
700 1 _aSainz-Amor, Concepción.
_9101575
700 1 _aPardellans, H.
_988947
852 _aES-MaACL
_jC-51485
_bR.67723
999 _c49772
_d49772